[Event "Madrid-ch Previa B"]
[Site "Madrid"]
[Date "2023.02.10"]
[Round "4.29"]
[White "Palomo Fernandez, Lorenzo"]
[Black "Gutierrez Trapero, Carlos"]
[Result "1/2-1/2"]
[WhiteElo "1387"]
[BlackElo "1406"]
[PlyCount "84"]
[EventDate "2023.02.02"]
[EventType "swiss"]
[EventRounds "9"]
[EventCountry "ESP"]
[SourceTitle "EXT 2024"]
[Source "ChessBase"]
[SourceDate "2023.10.10"]
[SourceVersion "1"]
[SourceVersionDate "2023.10.10"]
[SourceQuality "1"]

1. e4 e6 2. d4 d5 3. e5 c5 4. c3 Qb6 5. Nf3 Bd7 6. a3 Bb5 7. Bxb5+ Qxb5 8. Qe2 Qxe2+ 9. Kxe2 Nc6 10. b4 cxd4 11. cxd4 Nge7 12. Nbd2 Nf5 13. Nb3 Rc8 14. Bd2 Be7 15. Rac1 0-0 16. g4 Nh6 17. Bxh6 gxh6 18. h4 f6 19. exf6 Bxf6 20. g5 Be7 21. Rhg1 Kg7 22. Rg2 Rxf3 23. Kxf3 Nxd4+ 24. Kg4 Rxc1 25. Nxc1 hxg5 26. hxg5 Nc2 27. Rg3 Bd6 28. Rc3 Nd4 29. Re3 Kf7 30. Nd3 Nf5 31. Rh3 Kg6 32. Nf4+ Bxf4 33. Kxf4 h6 34. gxh6 Nxh6 35. Ke5 Nf7+ 36. Kf4 e5+ 37. Ke3 d4+ 38. Kd3 Kf5 39. Rh7 Nd6 40. Rd7 Ke6 41. Rh7 Kd5 42. f3 a6 1/2-1/2

[Event "Madrid-ch Previa-B"]
[Site "Madrid"]
[Date "2022.03.12"]
[Round "5"]
[White "Anton Ortiz, Carlos"]
[Black "Gutierrez Trapero, Carlos"]
[Result "0-1"]
[WhiteElo "1519"]
[BlackElo "1392"]
[PlyCount "115"]
[EventDate "2022.03.03"]
[EventType "swiss"]
[EventRounds "9"]
[EventCountry "ESP"]
[SourceTitle "EXT 2023"]
[Source "ChessBase"]
[SourceDate "2022.10.05"]
[SourceVersion "1"]
[SourceVersionDate "2022.10.05"]
[SourceQuality "1"]

1. d4 Nf6 2. Nf3 e6 3. g3 b6 4. Bg2 Bb7 5. 0-0 d5 6. c4 Be7 7. Nc3 0-0 8. cxd5 Nxd5 9. Re1 Nxc3 10. bxc3 c5 11. e4 cxd4 12. cxd4 Nd7 13. Bb2 Rc8 14. a3 Nf6 15. Ne5 Nd7 16. Ng4 Nf6 17. d5 exd5 18. Nxf6+ Bxf6 19. Bxf6 Qxf6 20. exd5 Rfd8 21. Qa4 a6 22. Rad1 b5 23. Qe4 g6 24. Qe7 Qxe7 25. Rxe7 Ba8 26. d6 Bxg2 27. Kxg2 Rc6 28. d7 Re6 29. Rxe6 fxe6 30. Rd6 a5 31. Rb6 Rxd7 32. Rxb5 Rd5 33. Rxd5 exd5 34. Kf3 Kf7 35. Ke3 Ke6 36. Kd4 Kd6 37. a4 Ke6 38. h3 g5 39. f3 h5 40. Ke3 Ke5 41. Kd3 d4 42. Kc4 h4 43. g4 Kf4 44. Kxd4 Kxf3 45. Ke5 Kg3 46. Kf5 Kxh3 47. Kxg5 Kg3 48. Kf5 h3 49. g5 h2 50. Kf6 h1Q 51. Kg7 Qb7+ 52. Kh6 Qh1+ 53. Kg7 Qh5 54. g6 Kf4 55. Kf7 Qf5+ 56. Kg7 Kg5 57. Kh8 Kxg6 58. Kg8 0-1

[Event "Madrid-ch Previa-B"]
[Site "Madrid"]
[Date "2022.03.04"]
[Round "2"]
[White "Aldea Moreno, Marina"]
[Black "Gutierrez Trapero, Carlos"]
[Result "1-0"]
[WhiteElo "1611"]
[BlackElo "1392"]
[PlyCount "99"]
[EventDate "2022.03.03"]
[EventType "swiss"]
[EventRounds "9"]
[EventCountry "ESP"]
[SourceTitle "EXT 2023"]
[Source "ChessBase"]
[SourceDate "2022.10.05"]
[SourceVersion "1"]
[SourceVersionDate "2022.10.05"]
[SourceQuality "1"]

1. e4 c5 2. Nc3 e6 3. f4 d5 4. Nf3 Nf6 5. Bb5+ Bd7 6. Bxd7+ Qxd7 7. Qe2 dxe4 8. Nxe4 Nxe4 9. Qxe4 Qc6 10. Qe2 Bd6 11. d3 0-0 12. 0-0 Nd7 13. Ng5 Nf6 14. b3 h6 15. Ne4 Nxe4 16. dxe4 Rfe8 17. Bb2 e5 18. f5 f6 19. Rad1 Rac8 20. c4 a6 21. Bc1 Bf8 22. Rf3 Red8 23. Rd5 Rxd5 24. cxd5 Qb5 25. Kf2 Qxe2+ 26. Kxe2 c4 27. Rc3 b5 28. bxc4 bxc4 29. g4 Bb4 30. Rc2 Kf7 31. Bb2 Ke7 32. Bc3 a5 33. a3 Bxc3 34. Rxc3 Kd6 35. Rc2 Rc5 36. Kd2 Kc7 37. Kc3 Kd6 38. Rb2 Rc7 39. Rb5 Rc5 40. Rb7 Rc8 41. Rxg7 h5 42. Rf7 hxg4 43. Rxf6+ Ke7 44. Rg6 Rh8 45. Rxg4 Rxh2 46. Kxc4 Ra2 47. Kb3 Ra1 48. Rg6 Re1 49. Re6+ Kd7 50. Rxe5 1-0